000 00965nam a2200241Ia 4500
999 _c55942
_d55942
001 23041
003 GE_BSU
005 20230616152732.0
008 181216s1966||||ge |||||||||||||| ||geo||
040 _cGE_BSU
041 _ageo
080 _a821.353.1(092რუსთაველი) + 7.01 ჯ-42
100 _aჯიბლაძე, გიორგი
_9881
245 _aრუსთაველის ესთეტიკური სამყარო /
_cგიორგი ჯიბლაძე.
264 _aთბილისი
_bგანათლება,
_c1966.
300 _a378 გვ. ;
_c22 სმ.
504 _aბიბლიოგრ. ტექსტის შენიშვნებში
541 _h2 ლ. 54 თ.
653 _aრუსთაველი შოთა
653 _aესთეტიკა
653 _aრუსთაველის ესთეტიკური სამყარო
942 _cBK
_2udc